Vigas construidas a base de bloques de concreto
Bewaard in:
| Hoofdauteur: | |
|---|---|
| Formaat: | Boek |
| Gepubliceerd in: |
[San José , Costa Rica]
1984
|
| Onderwerpen: | |
| Tags: |
Voeg label toe
Geen labels, Wees de eerste die dit record labelt!
|
MARC
| LEADER | 00000nam a2200000Ia 4500 | ||
|---|---|---|---|
| 003 | 002713 | ||
| 005 | 20221231144405.0 | ||
| 008 | 140114s1984 cr a m 000 ||s d | ||
| 040 | |c cru CEDI | ||
| 090 | |a TFG 1622 | ||
| 100 | |a Guerra Hidalgo, Enrique |9 14658 | ||
| 245 | |a Vigas construidas a base de bloques de concreto | ||
| 260 | |c 1984 |a [San José , Costa Rica] | ||
| 300 | |a xi, 104 hojas : ilustraciones ; 27 cm | ||
| 500 | |a Proyecto de graduación (licenciatura en ingeniería civil)--Universidad de Costa Rica. Facultad de Ingeniería. Escuela de Ingeniería Civil | ||
| 650 | |x VIGAS DE HORMIGON |9 14659 | ||
| 942 | |c TFG |2 ddc | ||
| 999 | |c 21175 |d 21175 | ||
